| 000 | 007060000a22002170004500 | ||
|---|---|---|---|
| 003 | LK-CoMWRAF | ||
| 005 | 20240701100807.0 | ||
| 008 | 230817t1994 ||||| |||| 00| 0 eng d | ||
| 040 |
_aLK-CoMWRAF _dLK-CoMWRAF _eLK-CoMWRAF |
||
| 041 | _aeng | ||
| 082 |
_a347.954 _bALI |
||
| 100 | _aAli, Shaheen Sardar | ||
| 245 |
_aBlind justice for all? parallel judicial systems in Pakistan _bimplications and consequences for human rights |
||
| 260 |
_aLahore: _bShirkat gah, _c1994 |
||
| 300 |
_a31 p. : ill. ; 28 cm. _bBibliography included |
||
| 490 |
_aSpecial bulletin _vOctober 1994 |
||
| 650 | _aJustice, Administration of -Pakistan | ||
| 650 | _aCourts- Pakistan | ||
| 700 | _aArif, Kamran | ||
| 942 | _cBK | ||
| 999 |
_c2755 _d2755 |
||